marketing, Sales & Customer Services/ understanding the theory and practice of selling through service : (Record no. 1135)
[ view plain ]
| 000 -LEADER | |
|---|---|
| fixed length control field | 00750nam a2200253Ia 4500 |
| 003 - CONTROL NUMBER IDENTIFIER | |
| control field | BUBTL |
| 008 - FIXED-LENGTH DATA ELEMENTS--GENERAL INFORMATION | |
| fixed length control field | 151213s9999 xx 000 0 und d |
| 020 ## - INTERNATIONAL STANDARD BOOK NUMBER | |
| International Standard Book Number | 8174731482 |
| 041 ## - LANGUAGE CODE | |
| Language code of text/sound track or separate title | English |
| 082 ## - DEWEY DECIMAL CLASSIFICATION NUMBER | |
| Edition number | 1st ed. |
| Classification number | 658.8/ W322m/ 2002 |
| 100 ## - MAIN ENTRY--PERSONAL NAME | |
| Personal name | Watkins, Charley |
| 9 (RLIN) | 5750 |
| 245 ## - TITLE STATEMENT | |
| Title | marketing, Sales & Customer Services/ understanding the theory and practice of selling through service : |
| Statement of responsibility, etc. | Charley Watkins |
| 250 ## - EDITION STATEMENT | |
| Edition statement | 1st ed. |
| 260 ## - PUBLICATION, DISTRIBUTION, ETC. (IMPRINT) | |
| Place of publication, distribution, etc. | New Delhi |
| Name of publisher, distributor, etc. | A.L.T.B.S |
| Date of publication, distribution, etc. | c2002 |
| 300 ## - PHYSICAL DESCRIPTION | |
| Extent | x, 347 p. : |
| Other physical details | ill. ; 24 cm. |
| 500 ## - GENERAL NOTE | |
| General note | Includes Index. |
| 526 ## - STUDY PROGRAM INFORMATION NOTE | |
| Program name | BBA, MBA |
| 650 ## - SUBJECT ADDED ENTRY--TOPICAL TERM | |
| Topical term or geographic name as entry element | Marketing |
| 650 ## - SUBJECT ADDED ENTRY--TOPICAL TERM | |
| Topical term or geographic name as entry element | |
| 700 ## - ADDED ENTRY--PERSONAL NAME | |
| Personal name | Charley Watkins |
| 9 (RLIN) | 5751 |
| 856 ## - ELECTRONIC LOCATION AND ACCESS | |
| Password | 0 |
| Logon | 0 |
| Link text | Download |
| 942 ## - ADDED ENTRY ELEMENTS (KOHA) | |
| Source of classification or shelving scheme | |
| Koha item type | Books |
| Withdrawn status | Lost status | Source of classification or shelving scheme | Damaged status | Not for loan | Collection code | Permanent location | Current location | Shelving location | Source of acquisition | Inventory number | Total Checkouts | Full call number | Barcode | Date last seen | Copy number | Price effective from | Koha item type |
|---|---|---|---|---|---|---|---|---|---|---|---|---|---|---|---|---|---|
| Non-fiction | Bangladesh University of Business and Technology Library | Bangladesh University of Business and Technology Library | Marketing Stacks | Purchase | 1364 | 658.8/ W322m/ 2002 | BUBTL-20031364 | 03/14/2024 | C-1 | 03/14/2024 | Books |
